Statistics for 15 Largest European Countries By Size (Area)

Click here to take the quiz!

General Stats

  • This quiz has been taken 64 times
    (56 since last reset)
  • The average score is 14 of 15

Answer Stats

RankArea (km²)Countries% Correct
13,969,100Russia
100%
3551,695France
98%
2603,628Ukraine
98%
4498,511Spain
96%
8338,145Finland
94%
7357,386Germany
94%
10301,338Italy
94%
6385,178Norway
94%
5450,295Sweden
94%
9312,685Poland
92%
11242,495United Kingdom
90%
12238,397Romania
86%
13207,600Belarus
84%
15131,940Greece
80%
14110,994Bulgaria
75%

Score Distribution

Percentile by Number Answered

Percent of People with Each Score

Your Score History

You have not taken this quiz since the last reset